| 000 | 00433nam a22001457a 4500 | ||
|---|---|---|---|
| 020 | _a0412009110 | ||
| 082 |
_a624.193 _bATT _cL-16 P-52 |
||
| 100 |
_aP.B Attewell _943322 |
||
| 245 | _aSoil Movements Induced by Tunnelling and their Effects on Pipelines and Structures | ||
| 260 |
_aNew Delhi _bThomson Press |
||
| 300 |
_axv, 325 _bill _c15cm |
||
| 526 |
_a0 _b0 _c0 _d624_193000000000000_ATT |
||
| 650 |
_aMCE _9379 |
||
| 942 |
_2ddc _cBK |
||
| 999 |
_c547151 _d547151 |
||